El mito del emprendedor : por qué no funcionan las pequeñas empresas y qué hacer para que funcionen /

Պահպանված է:
Մատենագիտական մանրամասներ
Հիմնական հեղինակ: Gerber, Michael E. (autor)
Ձևաչափ: Գիրք
Լեզու:իսպաներեն
Հրապարակվել է: México : Paidós, 2017, c2017
Շարք:(Paidós Empresa ; 45)
Խորագրեր:
Ցուցիչներ: Ավելացրեք ցուցիչ
Չկան պիտակներ, Եղեք առաջինը, ով նշում է այս գրառումը!

MARC

LEADER 00000nam^a2200000^a^4500
001 000408529
005 20250521000000.0
009 20260526143842.836
020 |a 978-607-747-331-2 
037 |a Acervo ITESO - Biblioteca 
041 |a ESP 
082 |a 658. 022  |b GER 
100 |a Gerber, Michael E.  |e (autor) 
240 1 4 |a [El mito del emprendedor: por qué no funcionan las pequeñas empresas y qué hacer para que funcionen] 
245 1 3 |a El mito del emprendedor :  |b por qué no funcionan las pequeñas empresas y qué hacer para que funcionen /  |c M.E. Gerber ; tr. por Guillermo Sánchez. 
264 4 |a México :  |b Paidós,  |c 2017, c2017 
300 |a 232 p. 
336 |a texto  |b txt  |2 rdacontenido 
337 |a sin mediación  |b n  |2 rdamedio 
338 |a volumen  |b nc  |2 rdasoporte 
440 1 |a (Paidós Empresa ;  |v 45) 
500 |a Traducción de: The E-Myth Revisited: Why Most Small Businesses Don't Work and What to Do about It 
521 |a FIL 2018 EEnlace Centro Universidad Empresa 
649 |a XX 
650 |a Emprendedores (Empresarios) -  |x Tema Principal 
650 |a Empresarios 
650 |a Pequeña Empresa -  |x Administración -  |x Tema Principal 
650 |a Franquicias -  |x Administración 
650 |a Exito Administrativo 
650 |a Proceso Administrativo -  |x Dirección 
650 |a Administración 
650 |a Ciencias Administrativas 
910 |a Fondo General 
920 |a Impresos - Libros 
930 |a Colección General 
905 |a 101 
901 |a 0500316411  |b IT1  |c ACC  |i c162922  |u 20250521 
902 |a https://opac.biblio.iteso.mx/vufind/Record/000408529